000
00262nam a22001337a 4500
082
_a
894.812.3
_b
SAB/V
100
_a
SABU, E,M
245
_a
VAKKALBHAGAM
260
_a
ALUVA
_b
PEN BOOKS
_c
2006
300
_a
95
520
_a
NOVEL
650
_a
NOVEL
942
_c
BK
999
_c
5246
_d
5246